| 000 | 01070cad a22002055a 4500 | ||
|---|---|---|---|
| 001 | L156653 | ||
| 008 | 120618e20120213xxk f 000 0 eng d | ||
| 035 | _a(Sirsi) u156653 | ||
| 041 | 0 | _aeng | |
| 110 | 2 |
_aMarkit _95915 |
|
| 245 | 0 | 0 |
_aConstruction activity falls, extending current sequence of decline to five years _h[electronic resource] |
| 260 | _c2012 | ||
| 490 |
_aUlster Bank Construction PMI Report News Release _v11 June 2012 |
||
| 520 | _aThe Irish construction sector remained in decline during May, and activity has now fallen in each month throughout the past five years. New orders decreased at a solid rate during the month. Falling workloads in the Republic of Ireland led to a further reduction in staffing levels and firms cut their purchases of inputs at an accelerated pace. | ||
| 590 | _aKA | ||
| 651 | 4 |
_aIreland (Republic of) _y |
|
| 690 |
_aConstruction management _96230 |
||
| 856 | 4 | 0 |
_uhttps://www.markiteconomics.com/MarkitFiles/Pages/ViewPressRelease.aspx?ID=9667 _zView this item free of charge at www.markiteconomics.com |
| 942 | _n0 | ||
| 999 |
_c114345 _d114345 |
||